000 00915nam a2200241 i 4500
001 18226
003 ES-MaACL
005 20250907063034.0
007 t|
008 010903s2000 sp a |||| | spa d
020 _a84-87184-57-X
080 _a7.036(082.2)
100 0 _aGonzález García, Angel,
_d1948-
_958645
245 1 3 _aEl resto
_b: una historia invisible del arte contemporáneo /
_cAngel González García ; edición a cargo de: Miguel Angel García.
260 _aBilbao :
_bMuseo de Bellas Artes de Bilbao ;
_aMadrid :
_bMuseo Nacional Centro de Arte Reina Sofía,
_c2000.
300 _a564 p. :
_bil. ;
_c25 cm.
650 1 7 _aArte-
_yS.XX
_2
_9141916
700 1 _aGarcía Hernández, Miguel Ángel.
_9144850
710 2 _aMuseo de Bellas Artes de Bilbao
_95844
710 2 _aMuseo Nacional Centro de Arte Reina Sofía
_9147737
852 _aES-MaACL
_jL-24914
999 _c18226
_d18226